| 000 | 00628nam a22002057a 4500 | ||
|---|---|---|---|
| 005 | 20220129114110.0 | ||
| 008 | 220129b ||||| |||| 00| 0 eng d | ||
| 040 | _cAL | ||
| 041 | _aeng | ||
| 082 |
_223 _a954.04 _bTENA |
||
| 100 |
_aD G Tendulkar _915187 |
||
| 245 | _aAbdul Ghaffar Khan: Faith is a Battle | ||
| 260 |
_aBombay _bGandhi Peace Foundation _c1967 |
||
| 300 |
_axviii,550 p. _bPB _c23x16 cm. |
||
| 520 | _uhttps://archive.org/details/in.ernet.dli.2015.126181/page/n17/mode/2up | ||
| 650 |
_aIndian History _915184 |
||
| 650 |
_aFreedom Fighther _915185 |
||
| 700 |
_aTENDULKAR (D G) _915186 |
||
| 942 |
_2ddc _cGF |
||
| 999 |
_c221380 _d221380 |
||